| 000 | 01263nam a2200409 i 4500 | ||
|---|---|---|---|
| 001 | 41577 | ||
| 003 | KOSZ 005 | ||
| 005 | 20221006112526.0 | ||
| 008 | 010322s2001 pl f f |001 0 pol | ||
| 015 | _aPB 2001/5765 | ||
| 020 | _a8371106394 | ||
| 040 |
_aWA N _cWA N _dKOSZ 005/HR |
||
| 041 | 0 | _apol | |
| 046 | _k2001 | ||
| 080 | _a346(438) | ||
| 080 | _a(075.8) | ||
| 100 | 1 |
_aOlszewski, Jan _d(1960- ) _eAutor |
|
| 245 | 1 | 0 |
_aPrawo gospodarcze : _bkompendium / _cJan Olszewski. |
| 250 | _a2 wyd. rozsz. i zaktual. | ||
| 260 |
_aWarszawa : _bC. H. Beck, _c2001. |
||
| 300 |
_aXXVIII, 429 s. ; _c24 cm. |
||
| 336 |
_2rdacontent _aTekst _btxt |
||
| 337 |
_2rdamedia _aBez urządzenia pośredniczącego _bn |
||
| 338 |
_2rdacarrier _aWolumin _bnc |
||
| 380 | _aKsiążki | ||
| 388 | _a2001- | ||
| 490 | 1 | _aSkrypty Becka. | |
| 504 | _aBibliogr. - Indeks. | ||
| 650 | 4 | _aPrawo gospodarcze | |
| 651 | _aPolska | ||
| 655 | 4 | _aPodręczniki akademickie | |
| 658 | _aPrawo i wymiar sprawiedliwości | ||
| 710 | 2 |
_aWydawnictwo C.H. Beck _4pbl. |
|
| 830 | 0 | _aSkrypty Becka | |
| 856 |
_uhttp://koha.tu.koszalin.pl/cgi-bin/koha/opac-detail.pl?biblionumber=41577 _yKatalog online BPK |
||
| 942 |
_2UKD _cKS |
||
| 999 |
_c41577 _d41577 |
||